000 00415nam a2200145Ia 4500
008 211109s9999||||xx |||||||||||||| ||und||
082 _a894.81209
_bBEN-S
100 _aBenjamin, D
245 0 _aSahitya Padanangal
260 _bNational Book Stall
_aKottayam
_c1984
300 _a123p.
630 _xGeneral Stack
650 _aMalayalam literature
_vLiterature & rhetoric
_xMalayalam studyMalayalam
942 _cBOOK
999 _c94397
_d94397